000
00320nam a22001337a 4500
003
SGT
082
_a
370
_b
R12N
100
_a
N.C.E.R.T.
245
_a
RASHTRIYA PATHYACHARCHA KI ROOPREKHA-2005 BHARTIYA BHASHAON KA SHIKSHAN
260
_a
NEW DELHI
_b
NCERT
_c
2012
300
_a
70
650
_a
EDUCATION
942
_2
ddc
_c
BK
999
_c
12478
_d
12478